000 01085nam0a22002651 4500
001 rc\3473148
005 20130115135903.9
021 _aRU
_b[74-18595]
035 _a(NLR Aleph) 007641132
090 _a6126996
_c6126996
100 _a20130115d1974 |||y0rusy50 ca
101 0 _arus
102 _aRU
105 _ay z |||||
200 1 _aАналитическая пространственная фототриангуляция
_e(Теория построения одиночной модели)
_e(Лекция для студентов III курса, специальности 1301)
_fМ-во сел. хоз-ва СССР. Ом. с.-х. ин-т им. С.М. Кирова
210 _aОмск
_cБ. и.
_d1974
215 _a40 с.
_cграф.
_d20
320 _aБиблиогр.: с. 40
606 _aФототриангуляция пространственная
_2psbo
700 1 _aНазаров
_bА. С.
_gАлександр Степанович
801 0 _aRU
_bNLR
_gpsbo
801 1 _aRU
_bELAR
_2rusmarc
852 _aNLR
_j73-4/49444
942 _cBOOK
980 _aNB